000 01705nam a22002297a 4500
003 AR-RoUNCS
005 20260204150725.0
008 100201s2008 ag gr 000 f spa
015 _aAR-2008
020 _a978-987-04-0988-5
040 _aAR-BaBN
_bspa
_cAR-RoUNCS
_eaacr
044 _aag
_car-c
080 1 _a82-31(72)
_22016
100 1 _aFuentes, Carlos,
_d1928-2012
_eautor
_4aut
245 1 0 _aGringo viejo /
_cCarlos Fuentes.
260 _aBuenos Aires :
_bAlfaguara,
_c2008.
300 _a229 p. ;
_c24 cm.
520 3 _aEsta obra nos transporta a uno de los momentos más convulsos pero también más fascinantes de la historia de México: los años de la Revolución. Allí fue a parar un personaje real, Ambrose Bierce, en el que está inspirado el protagonista de la novela. Bierce, ex-militar, escritor y periodista, era ya un anciano cuando cruzó la frontera en el año 1913 para ir al encuentro del ejército de Pancho Villa. Jamás se volvió a saber nada más de él. A partir de este punto arranca la ficción, narrada de forma maravillosa por Carlos Fuentes. El gringo viejo se encuentra con un país devastado por la pobreza y la violencia. La guerra ha destruido prácticamente todo. En la vieja hacienda de los Miranda (que han huido a Europa) se topa con los otros dos personajes principales de la historia: el general Arroyo, un brutal jefe revolucionario de personalidad compleja, y Harriet, una estadounidense contratada como profesora de inglés de los hijos de los Miranda, obstinada en permanecer allí y cumplir con su obligación aún a riesgo de perder la vida.
650 7 _2embne
_aLiteratura mexicana
655 7 _aNovelas históricas
_2embne
942 _2udc
_cLPD
_n0
999 _c879
_d879